Statistics for Guess The Song

Click here to take the quiz!

General Stats

  • This quiz has been taken 246 times
  • The average score is 7 of 15

Answer Stats

HintAnswer% Correct
"Shine bright like a ------"Diamond
94%
"I'm friends with ----- -------- that's under my bed"The Monster
79%
"It's going down, I'm yelling -----, you better move, you better dance"Timber
72%
"I heard that you're settled down"Someone Like You
67%
"Trying to call home, all of my change I spent on you"Payphone
61%
"My friends are in the bathroom getting higher than the empire state"We Are Young
59%
"Lately I've been, I've been losing sleep"Counting Stars
58%
"We kissed, I fell under your spell. No, no one could deny. Don't you ever say I just walked away"Wrecking Ball
50%
"That kind of love just aint for us, we crave a different kind of buzz"Royals
45%
"Brings all the boys to the yard, and they're like it's better than yours"My Milkshake
43%
"Everything will be alright if we just keep dancin' like we're -----"22
36%
"When I was in third grade, I thought that I was gay"Same Love
28%
"It's like rain on your wedding day. It's a free ride when you've already paid"Ironic
23%
"She was sippin' on summer, and singin' bars from Tucker we were fallin' in love in the sweetheart of summer"Cruise
5%
"You wont use my mind, and you don't own my life"Do What You Want
3%

Score Distribution

Percentile by Number Answered

Percent of People with Each Score

Your Score History

You have not taken this quiz